Top 5 European Leagues Top Scorers: 2018/19 - Statistics

General Stats
  • This quiz has been taken 27 times
  • The average score is 21 of 29
Answer Stats
League Goals Club Nationality Player % Correct
La Liga 21 Real Madrid France Karim Benzema
100%
La Liga 36 Barcelona Argentina Lionel Messi
100%
La Liga 21 Barcelona Uruguay Luis Suarez
100%
Premier League 18 Leicester England Jamie Vardy
96%
Premier League 22 Liverpool Egypt Mohamed Salah
96%
Premier League 22 Arsenal Gabon Pierre-Emerick Aubameyang
96%
Bundesliga 22 Bayern Munich Poland Robert Lewandowski
96%
Premier League 22 Liverpool Senegal Sadio Mane
96%
Premier League 21 Manchester City Argentina Sergio Aguero
96%
Serie A 21 Juventus Portugal Cristiano Ronaldo
92%
Ligue 1 18 PSG Uruguay Edinson Cavani
92%
Ligue 1 33 PSG France Kylian Mbappe
92%
Ligue 1 15 PSG Brazil Neymar
88%
Bundesliga 17 Borussia Dortmund Germany Marco Reus
83%
La Liga 20 Celta Vigo Spain Iago Aspas
79%
Serie A 17 Napoli Poland Arkadiusz Milik
67%
Serie A 23 Atalanta Colombia Duvan Zapata
67%
Bundesliga 17 Eintracht Frankfurt Serbia Luka Jovic
63%
Ligue 1 22 Lille Ivory Coast Nicolas Pepe
63%
Ligue 1 15 Monaco Colombia Radamel Falcao
63%
Bundesliga 17 Hoffenheim Croatia Andrej Kramaric
58%
Serie A 22 Genoa/Milan Poland Krzysztof Piatek
54%
Bundesliga 17 Wolfsburg Netherlands Wout Weghorst
54%
Serie A 26 Sampdoria Italy Fabio Quagliarella
50%
Bundesliga 17 Bayer Leverkusen Germany Kai Havertz
50%
Bundesliga 18 Borussia Dortmund Spain Paco Alcacer
50%
La Liga 19 Girona Uruguay Cristhian Stuani
38%
Ligue 1 15 Lyon France Moussa Dembele
33%
Ligue 1 16 Marseille France Florian Thauvin
25%
No matching quizzes found
Score Distribution
Percent of People with Each Score
Percentile by Number Answered
Your Score History
You have not taken this quiz